000 00851nam a22002297a 4500
999 _c14381
_d14381
003 MIRAKIL
005 20211214000619.0
008 210428b tu ||||| |||| 00| 0 tur d
040 _aTR-AnCHP
_cTR-AnCHP
041 _atur
082 _aBROŞÜR 582
110 _aCumhuriyet Halk Partisi (CHP)
245 1 0 _aİktidarımızın ilk 1 haftasında yapacaklarımız/
_cCumhuriyet Halk Partisi.
260 _aAnkara:
_bCumhuriyet Halk Partisi,
_c2021.
300 _a2 s.:
_c21 sm.
610 0 _95196
_aCumhuriyet Halk Partisi (CHP)
_xPropaganda ve ideolojiler
610 0 _95196
_aCumhuriyet Halk Partisi (CHP)
_xSeçim kampanyaları
650 0 _aSiyaset ve yönetim
_xTürkiye
_y2021-
_zTürkiye
_99
942 _2ddc
_cVIS
999 _d14381